000 01374nam a2200253 a 4500
001 78119
003 BD-RjUL
005 20211209083106.0
008 210323s 2008bg a|||| m||| 00| 0 ben d
035 _a(BD-RjUL)78345
040 _aBD-RjUL
_bben /eng
_cBD-RjUL
_dBD-RjUL
041 _aben
082 _a294.5925
_bBAB 2008
_223
100 _aবণিক. বিথীকা
_9119781
245 1 0 _aবৃহদ্ধর্মপুরাণে বিধৃত জাতি - বর্ণ প্রথা ও বর্তমান হিন্দু সমাজ /
_cবিথীকা বণিক ;
_6তত্ত্বাবধায়ক : কানাই লাল রায়
260 _aরাজশাহী :
_bভাষা বিভাগ, রাজশাহী বিশ্ববিদ্যালয়,
_c২০০৮
300 _a[১৩], ৪২৬ পাতা :
_bচিএ ;
_c২৯ সেমি.
502 _aথিসিস (পিএইচ. ডি.) -- ভাষা বিভাগ, রাজশাহী বিশ্ববিদ্যালয়, ২০০৮
504 _aগ্রন্থপঞ্জি : পাতা [৩৬৮] - ৩৭৪
650 _aপুরাণ
_9246515
650 _aPuranas
_9246516
700 _aরায়, কানাই লাল, তত্ত্বাবধায়ক
_9246454
942 _2ddc
_cTHE
999 _c78119
_d78119